Miguel Alemán contesta: ensayo
Salvato in:
| Autore principale: | |
|---|---|
| Natura: | Libro |
| Lingua: | spagnolo |
| Pubblicazione: |
Austin
University of Texas
1975
|
| Serie: | Political Inquiry: México, 4
|
| Soggetti: | |
| Tags: |
Aggiungi Tag
Nessun Tag, puoi essere il primo ad aggiungerne!!
|
MARC
| LEADER | 00000nam a2200000 a 4500 | ||
|---|---|---|---|
| 001 | UCT6901 | ||
| 003 | CL-VaPUC | ||
| 008 | 970113e19750000US |||||||||||||||||spa|d | ||
| 082 | 0 | 4 | |a 320.972 |b ALE |2 21 |
| 100 | 0 | |a Alemán Valdés, Miguel |e author |9 377273 | |
| 245 | 1 | 0 | |a Miguel Alemán contesta: ensayo |
| 300 | |a 53 p | ||
| 942 | |c BK | ||
| 945 | |d 19970113 00:00:00 |a paguirre | ||
| 260 | |a Austin |b University of Texas |c 1975 | ||
| 650 | 0 | |a Política |9 255312 | |
| 650 | 0 | |a Ciencias Políticas |9 255201 | |
| 650 | 7 | |a SISTEMAS POLITICOS |2 CL-VaPUC |9 377274 | |
| 650 | 7 | |a POLITICA INTERNA |2 CL-VaPUC |9 342443 | |
| 650 | 0 | |a Gobierno |9 255508 | |
| 651 | 0 | |a México |9 255269 | |
| 583 | |a last modification |c 19970113 00:00:00 |k Rodrigo Vera | ||
| 490 | 0 | |a Political Inquiry: México, 4 | |
| 999 | |c 255570 |d 255568 | ||
| 952 | |0 0 |1 0 |4 0 |6 320_972000000000000_ALE_1975 |7 0 |8 P |9 277856 |a BIBDER |b BIBDER |d 2019-11-19 |i 1803883 |o 320.972 ALE 1975 |p 1803883 |r 2023-01-25 |w 2019-11-19 |y BK |k DER | ||